|
|
|
|
| LEADER |
01105nam a22002897a 4500 |
| 001 |
34736 |
| 003 |
BD-DhAAL |
| 005 |
20211118131051.0 |
| 008 |
190619r20181993ii a|||| |||| 00| 0 eng d |
| 999 |
|
|
|c 40689
|d 40689
|
| 020 |
|
|
|a 9788180140426
|
| 040 |
|
|
|a BD-DhAAL
|
| 082 |
|
|
|a 692.5
|2 19
|
| 100 |
|
|
|a Singh, Gurcharan
|9 32669
|
| 245 |
|
|
|a Estimating costing and valuation /
|c Gurcharan Singh and Jagdish Singh
|
| 260 |
|
|
|a India :
|b Standard Publishers Distributors,
|c 1993 [Reprint 2018]
|
| 300 |
|
|
|a 701 pages :
|b illustrations ;
|c 24 cm.
|
| 500 |
|
|
|a Includes index.
|
| 526 |
|
|
|a ARC
|
| 541 |
|
|
|a HYE Trade International
|e 34736
|
| 650 |
|
|
|a Building
|x Estimates.
|9 32671
|
| 650 |
|
|
|a Engineering
|x Estimates.
|9 32672
|
| 650 |
|
|
|a Architecture
|9 42831
|
| 700 |
|
|
|a Singh, Jagdish
|9 32670
|
| 852 |
|
|
|a Department of Architecture
|c General Stacks
|
| 942 |
|
|
|2 ddc
|c BK
|
| 952 |
|
|
|0 0
|1 0
|2 ddc
|4 0
|6 692_500000000000000_SIN
|7 0
|9 65554
|a BRACUL
|b BRACUL
|c GEN
|d 2019-06-12
|e Hye Trade International
|g 549.00
|l 0
|o 692.5 SIN
|p 3010034736
|r 2019-06-12
|t 1
|v 549.00
|w 2019-06-12
|y BK
|x Transferred from ARC to BRACUL on 28/12/2023
|